| 000 | 03421cgm a2200697Ii 4500 | ||
|---|---|---|---|
| 001 | on1004428013 | ||
| 003 | OCoLC | ||
| 005 | 20251211123709.0 | ||
| 007 | vd cvaizq | ||
| 008 | 170921s2017 onc810 vleng d | ||
| 024 | 1 | _a774212720925 | |
| 028 | 4 | 1 |
_a272092DV _bSeville/Filmed Ent/Pdx. |
| 035 | _a(OCoLC)1004428013 | ||
| 037 |
_bMidwest Tape _nhttp://www.midwesttapes.com |
||
| 040 |
_aTEFMT _beng _erda _cTEFMT _dTEF _dOCLCF _dIH9 _dUINTA |
||
| 041 | 0 |
_aeng _heng |
|
| 049 | _aUCLB | ||
| 050 | 4 |
_aPN1992.77 _b.H43 2017 |
|
| 082 | 0 | 4 |
_a791.45/75 _223 |
| 092 | _bDVD | ||
| 130 | 0 |
_aHeartland (Television program). _nSeason 10. _96557556 |
|
| 245 | 1 | 0 | _aHeartland. Season 10 |
| 264 | 1 |
_aToronto : _bEntertainment One Films Canada, Seven24 Films and Dynamo Films present in association with The Canadian Broadcasting Corporation ; produced by Jamie Paul Rock ; writers, Heather Conkie [and four others] ; directors, Dean Bennett [and eight others]. _c[2017] |
|
| 300 |
_a5 videodiscs (810 min.) : _bsound, color ; _c4 3/4 in. |
||
| 336 | _atwo-dimensional moving image | ||
| 337 | _avideo | ||
| 338 | _avideodisc | ||
| 500 | _aOriginally broadcast as episodes of the television program in 2016. | ||
| 500 | _a16x9 wide screen (1.78:1) | ||
| 500 | _aBonus features: behind-the-scenes featurettes including extensive interviews with the cast and crew; season 10 highlights; season 11 preview. | ||
| 508 | _aMusic, Keith Power ; editor, Kathy Winkauf ; director of photography, Jarrett Craig. | ||
| 511 | 1 | _aAmber Marshall, Michelle Morgan, Shaun Johnston, Graham Wardle. | |
| 520 | _aTy and Amy's pregnancy journey has some bumps along the way to the highly anticipated birth. Also, Mallory returns and Lou explores new business opportunities while holding her own as a single mom. With familiar faces returning and new paths forming, the Bartlett-Fleming family continues to flourish while overcoming obstacles along the way. They always have each other for support as they tackle many of life's firsts together. | ||
| 521 | 8 | _aCHV rating: PG. | |
| 538 | _aDVD. | ||
| 546 | _aSubtitles for the deaf and hard of hearing (SDH). | ||
| 650 | 0 |
_aFamilies _zAlberta _vDrama. _95714410 |
|
| 650 | 7 |
_aFamilies. _2fast |
|
| 651 | 7 |
_aAlberta. _2fast |
|
| 655 | 7 |
_aTelevision programs. _2lcgft |
|
| 655 | 7 |
_aTelevision series. _2lcgft |
|
| 655 | 7 |
_aFiction television programs. _2lcgft _95673656 |
|
| 655 | 7 |
_aVideo recordings for the hearing impaired. _2lcgft |
|
| 655 | 7 |
_aDrama. _2fast |
|
| 655 | 7 |
_aFiction television programs. _2fast _95673656 |
|
| 655 | 7 |
_aTelevision programs. _2fast |
|
| 655 | 7 |
_aTelevision series. _2fast |
|
| 655 | 7 |
_aVideo recordings for the hearing impaired. _2fast |
|
| 700 | 1 |
_aRock, Jamie Paul, _etelevision producer. _972394 |
|
| 700 | 1 |
_aConkie, Heather, _escreenwriter. _935456 |
|
| 700 | 1 |
_aBennett, Dean, _etelevision director. |
|
| 700 | 1 |
_aMarshall, Amber, _d1988- _eactor. _95755702 |
|
| 700 | 1 |
_aMorgan, Michelle, _d1981- _eactor. _95755701 |
|
| 700 | 1 |
_aJohnston, Shaun, _eactor. _958658 |
|
| 700 | 1 |
_aWardle, Graham, _eactor. |
|
| 710 | 2 |
_aSeven24 Films (Firm), _epresenter. |
|
| 710 | 2 |
_aDynamo Films (Firm), _epresenter. _95906943 |
|
| 710 | 2 |
_aCanadian Broadcasting Corporation, _ebroadcaster. _912742 |
|
| 710 | 2 |
_aEntertainment One (Firm : Canada), _epublisher. _95760936 |
|
| 942 |
_2ddc _cDVDSERIES |
||
| 999 |
_c226775 _d226775 |
||